000 00396nas a2200169 a 4500
001 157510
003 252079
005 20201118123511.0
008 170725e2017 ck ||||||||| 000 0 spa d
041 _aspa
245 0 _aRevista Semana - No.1838 (23-30 jul. 2017)
260 _aBogotá :
_c2017.
562 _e15
773 _016112
_aSemana
942 _cSISS
999 _c157510
_d157510